<?xml version="1.0" encoding="UTF-8"?>
<marc:record xmlns:marc="http://www.loc.gov/MARC21/slim">
   <marc:leader>00000nam a2200000 a 4500</marc:leader>
   <marc:datafield ind1=" " ind2=" " tag="653">
      <marc:subfield code="a">Tonies</marc:subfield>
   </marc:datafield>
   <marc:datafield ind1=" " ind2=" " tag="653">
      <marc:subfield code="a">Hörspiel</marc:subfield>
   </marc:datafield>
   <marc:datafield ind1="0" ind2="0" tag="245">
      <marc:subfield code="a">Die Schlümpfe - der doppelte Papa Schlumpf und 3 weitere Abenteuer</marc:subfield>
   </marc:datafield>
   <marc:datafield ind1=" " ind2="1" tag="264">
      <marc:subfield code="a">Düsseldorf</marc:subfield>
      <marc:subfield code="b">tonies GmbH</marc:subfield>
      <marc:subfield code="c">2025</marc:subfield>
   </marc:datafield>
   <marc:datafield ind1="1" ind2=" " tag="520">
      <marc:subfield code="a">Der doppelte Papa Schlumpf&#xD;
Ein ganz normaler Schlumpf hegt den Wunsch zu sein wie Papa Schlumpf. Ohne Zauberei und Magie gibt es nur eine Möglichkeit: Er geht zu Beauty in die Maske und lässt sich auf Papa Schlumpf stylen. Als er so durchs Dorf läuft, wird er von den anderen Schlümpfen für Papa Schlumpf gehalten, was ihm sehr gefällt. Doch die Dorfbewohner werden zusehends argwöhnischer, weil Papa Schlumpf vermeintlich immer wieder sich widersprechende Anweisungen gibt.&#xD;
&#xD;
Enthält außerdem noch diese Geschichten: Die Verschlumpfung und Wer einmal lügt&#xD;
Ab 5 Jahren</marc:subfield>
   </marc:datafield>
   <marc:datafield ind1="3" ind2=" " tag="024">
      <marc:subfield code="a">4251192165428</marc:subfield>
   </marc:datafield>
   <marc:datafield ind1=" " ind2=" " tag="041">
      <marc:subfield code="a">ger</marc:subfield>
   </marc:datafield>
   <marc:datafield ind1=" " ind2=" " tag="300">
      <marc:subfield code="a">1</marc:subfield>
   </marc:datafield>
</marc:record>
